|
|
|
|
| LEADER |
00000nam a2200000 i 4500 |
| 001 |
1/101416 |
| 008 |
000210s1998 eng d |
| 020 |
|
|
|a 3-540-63411-8
|
| 035 |
|
|
|l 10057676
|
| 040 |
|
|
|a GR-MY-UA
|b gre
|e aacr
|
| 041 |
0 |
|
|a eng
|
| 082 |
0 |
|
|a 006.33
|
| 100 |
1 |
|
|a Brenner, Walter.
|
| 245 |
1 |
0 |
|a Intelligent software agents :
|b foundations and applications /
|c Walter Brenner, Rudiger Zarnekow, Hartmut Wittig, in co-operation with Claudia Schubert
|
| 260 |
|
|
|a Berlin :
|b Springer,
|c c1998
|
| 300 |
|
|
|a vii, 326 p.;
|c 23 cm.
|
| 504 |
|
|
|a Includes bibliography and index
|
| 650 |
0 |
0 |
|a Intelligent agents (Computer software)
|
| 700 |
1 |
|
|a Zarnekow, Rudiger.
|
| 700 |
1 |
|
|a Wittig, Hartmut.
|
| 700 |
1 |
|
|a Schubert, Claudia.
|
| 852 |
|
|
|a INST
|b CHIOS
|e 20000210
|h 006.33 BRE
|p 005200019007
|q 005200019007
|t BK
|y 0
|
| 852 |
|
|
|a INST
|b SAMOS
|e 20000314
|h 006.33 BRE
|p 005300018161
|q 005300018161
|t BK
|y 0
|
| 901 |
|
|
|a BIBL2-2000-1
|
| 901 |
|
|
|a BIBL3-2000-1
|
| 909 |
|
|
|a Χ
|b 074218
|
| 909 |
|
|
|a Σ
|b 074035
|
| 922 |
|
|
|a 2ΕΛΗ
|b 200002
|c ΤΔΕ
|d ΠΑΠΑΣΩΤΗΡΙΟΥ
|
| 922 |
|
|
|a 3ΕΛΗ
|b 200001
|c ΤΠΕΣ
|d ΠΑΠΑΣΩΤΗΡΙΟΥ
|
| 950 |
|
|
|a 112-1999-11-03
|
| 970 |
|
|
|a ΣΠΕΝΤΖΑ
|b ΕΛΕΝΗ
|z 2000/02/10
|